[Event "Guernsey Open"]
[Site "Guernsey GCI"]
[Date "2007.10.27"]
[Round "7"]
[White "Forbes, Garry"]
[Black "Havenaar, Jan"]
[Result "1/2-1/2"]
[WhiteElo "1634"]
[BlackElo "2196"]
[PlyCount "45"]
[EventDate "2006.10.15"]
[SourceDate "2006.10.28"]

1. d4 Nf6 2. Nf3 d6 3. Nc3 g6 4. e4 Bg7 5. Be3 c6 6. Qd2 Qa5 7. h3 O-O 8. Bd3
e5 9. O-O Re8 10. a3 Nbd7 11. b4 Qc7 12. dxe5 Nxe5 13. Nxe5 dxe5 14. Rad1 Be6
15. Ne2 Rad8 16. Qc1 Nd7 17. c4 f5 18. Bg5 Bf6 19. Bxf6 Nxf6 20. exf5 e4 21.
Bxe4 Nxe4 22. fxe6 Rxe6 23. Rxd8+ 1/2-1/2

[Event "Guernsey Open"]
[Site "Guernsey GCI"]
[Date "2007.10.27"]
[Round "7"]
[White "Walker, Sam"]
[Black "Dijksterhuis, Rolf"]
[Result "0-1"]
[WhiteElo "1945"]
[BlackElo "2076"]
[PlyCount "50"]
[EventDate "2006.10.15"]
[SourceDate "2006.10.28"]

1. c4 c6 2. g3 d5 3. Bg2 Nf6 4. Nf3 e6 5. O-O Be7 6. Qc2 O-O 7. d4 Nbd7 8. b3
Ne4 9. Nfd2 f5 10. f3 Nxd2 11. Nxd2 e5 12. dxe5 Nxe5 13. Bb2 d4 14. Rfe1 Bf6
15. e3 c5 16. Rad1 Nc6 17. Ba3 dxe3 18. Nf1 Nd4 19. Qd3 e2 20. Bxc5 exd1=Q 21.
Rxd1 Nc6 22. Qc2 Qe8 23. Bxf8 Qxf8 24. f4 Be6 25. Ne3 Qc5 0-1

[Event "Guernsey Open"]
[Site "Guernsey GCI"]
[Date "2007.10.27"]
[Round "7"]
[White "De Kruif, Kees"]
[Black "Gravett, Alan D"]
[Result "1/2-1/2"]
[WhiteElo "2063"]
[BlackElo "1961"]
[PlyCount "21"]
[EventDate "2006.10.15"]
[SourceDate "2006.10.28"]

1. b4 d5 2. Bb2 Nf6 3. e3 c6 4. c4 e6 5. a3 Bd6 6. Nf3 Nbd7 7. c5 Bc7 8. Be2
O-O 9. O-O Re8 10. d4 Ne4 11. Nbd2 1/2-1/2

[Event "Guernsey Open"]
[Site "Guernsey GCI"]
[Date "2007.10.27"]
[Round "7"]
[White "Tunstall, George"]
[Black "Jamieson, Ian"]
[Result "1/2-1/2"]
[WhiteElo "1895"]
[BlackElo "2014"]
[PlyCount "20"]
[EventDate "2006.10.15"]
[SourceDate "2006.10.28"]

1. d4 b5 2. Nf3 Nf6 3. Bf4 Bb7 4. e3 a6 5. c4 bxc4 6. Bxc4 e6 7. Nbd2 Be7 8.
O-O O-O 9. Rc1 Nh5 10. Bg3 Nxg3 1/2-1/2

[Event "Guernsey Open"]
[Site "Guernsey GCI"]
[Date "2007.10.27"]
[Round "7"]
[White "Glover, John"]
[Black "Fassaert, DJM."]
[Result "0-1"]
[WhiteElo "1945"]
[BlackElo "2009"]
[PlyCount "52"]
[EventDate "2006.10.15"]
[SourceDate "2006.10.28"]

1. Nf3 c5 2. c4 Nc6 3. g3 g6 4. Bg2 Bg7 5. Nc3 e6 6. O-O Nge7 7. e3 O-O 8. d4
cxd4 9. Nxd4 a6 10. Nde2 Qc7 11. Rb1 Rb8 12. b3 b5 13. cxb5 axb5 14. Bb2 d5 15.
a4 bxa4 16. Nxa4 Bxb2 17. Nxb2 Ba6 18. Nd3 Qb6 19. Re1 Rfc8 20. Bf1 Bxd3 21.
Qxd3 Ne5 22. Qd1 Nf3+ 23. Kg2 Nxe1+ 24. Qxe1 Qb4 25. Qd1 Nf5 26. Nc1 Qe4+ 0-1

[Event "Guernsey Open"]
[Site "Guernsey GCI"]
[Date "2007.10.27"]
[Round "7"]
[White "Dennis, Nigel W"]
[Black "Dines, Sheila"]
[Result "1/2-1/2"]
[WhiteElo "2005"]
[BlackElo "1901"]
[PlyCount "85"]
[EventDate "2006.10.15"]
[SourceDate "2006.10.28"]

1. e4 e5 2. Nf3 Nc6 3. Bb5 a6 4. Ba4 Nf6 5. O-O Nxe4 6. d4 b5 7. Bb3 d5 8. dxe5
Be6 9. c3 Bc5 10. Bf4 O-O 11. Nbd2 Qd7 12. Nxe4 dxe4 13. Qxd7 Bxd7 14. Ng5 Rae8
15. Nxe4 Bb6 16. Rfd1 Bg4 17. Rd5 Be6 18. Rd2 Bxb3 19. axb3 Nxe5 20. Ng5 Ng6
21. Bg3 f5 22. Nf3 f4 23. Bh4 Nxh4 24. Nxh4 Re6 25. Nf3 Rfe8 26. Kf1 a5 27. Nd4
Rd6 28. Rad1 Red8 29. Ke2 Bxd4 30. Rxd4 Rxd4 31. Rxd4 Rxd4 32. cxd4 Kf7 33. Kf3
g5 34. Ke4 Ke6 35. h4 h6 36. d5+ Kd6 37. h5 Kc5 38. Kf5 Kxd5 39. Kg6 Ke6 40.
Kxh6 Kf6 41. Kh7 Kf7 42. Kh6 Kf6 43. Kh7 1/2-1/2

[Event "Guernsey Open"]
[Site "Guernsey GCI"]
[Date "2007.10.27"]
[Round "7"]
[White "Downey, Keith A"]
[Black "Van Ingen, Ton"]
[Result "1/2-1/2"]
[WhiteElo "1879"]
[BlackElo "1970"]
[PlyCount "74"]
[EventDate "2006.10.15"]
[SourceDate "2006.10.28"]

1. Nf3 d5 2. d4 Nf6 3. c4 e6 4. Nc3 Nbd7 5. Bg5 c6 6. e3 Qa5 7. cxd5 exd5 8.
Bxf6 Nxf6 9. Be2 Ne4 10. Qb3 Bd6 11. O-O Qc7 12. Rac1 Qe7 13. Nxe4 dxe4 14. Nd2
Be6 15. Bc4 Bg4 16. Nxe4 O-O 17. Nxd6 Qxd6 18. Qxb7 Qg6 19. Qc7 h5 20. Kh1 h4
21. h3 Bf5 22. Qf4 Qh7 23. Bb3 Be4 24. Rc5 Rae8 25. f3 Bd5 26. Bxd5 cxd5 27.
Rd1 Rc8 28. e4 dxe4 29. fxe4 Rxc5 30. dxc5 Qh5 31. Rd5 Qe2 32. Qxh4 Qxb2 33.
Qf4 Qxa2 34. c6 Qb1+ 35. Kh2 Qb6 36. Rd7 Qxc6 37. Rxa7 Qe6 1/2-1/2

[Event "Guernsey Open"]
[Site "Guernsey GCI"]
[Date "2007.10.27"]
[Round "7"]
[White "Grant, David"]
[Black "Hickman, John"]
[Result "1-0"]
[WhiteElo "1924"]
[BlackElo "2002"]
[PlyCount "109"]
[EventDate "2006.10.15"]
[SourceDate "2006.10.28"]

1. e4 d6 2. d4 Nf6 3. Nc3 g6 4. Be3 Bg7 5. f3 c6 6. Qd2 b5 7. Bh6 O-O 8. h4 e5
9. Bxg7 Kxg7 10. O-O-O Qe7 11. g4 Nbd7 12. h5 Bb7 13. Nge2 b4 14. Na4 d5 15.
Ng3 dxe4 16. Qg5 Kh8 17. hxg6 fxg6 18. Qxg6 Rg8 19. Qh6 Qg7 20. Qh2 exf3 21.
Bd3 Rge8 22. Kb1 e4 23. g5 exd3 24. gxf6 dxc2+ 25. Qxc2 Nxf6 26. Rdg1 Qg4 27.
Nh5 f2 28. Qxf2 Qe4+ 29. Ka1 Nxh5 30. Rxh5 Rf8 31. Qg3 Rg8 32. Rg5 Rg6 33. Rxg6
hxg6 34. Nc5 Qf5 35. Nxb7 Rf8 36. Qe5+ Qxe5 37. dxe5 Kg7 38. Nc5 Rf5 39. Nd3
Kf7 40. Kb1 g5 41. Kc2 Ke6 42. Kd2 a5 43. Ke3 Kd5 44. Rg4 c5 45. b3 a4 46. Rc4
axb3 47. axb3 Rf1 48. Rxc5+ Ke6 49. Rc6+ Kd7 50. Rg6 Rg1 51. Ke4 Rg3 52. Nc5+
Ke7 53. Rg7+ Ke8 54. e6 g4 55. Nb7 1-0

[Event "Guernsey Open"]
[Site "Guernsey GCI"]
[Date "2007.10.27"]
[Round "7"]
[White "Morcom, Huw C"]
[Black "Goman, Colin"]
[Result "1-0"]
[WhiteElo "1978"]
[BlackElo "1885"]
[PlyCount "65"]
[EventDate "2006.10.15"]
[SourceDate "2006.10.28"]

1. e4 b6 2. d4 Bb7 3. Nd2 e6 4. Ngf3 Ne7 5. c3 a6 6. Bd3 d6 7. O-O Nd7 8. Re1
Ng6 9. Nf1 Be7 10. Be3 Nf6 11. Qc2 Qd7 12. Rad1 Qc8 13. Ng3 Bc6 14. h4 Ng4 15.
h5 Nxe3 16. Rxe3 Nf4 17. d5 Bd7 18. dxe6 Bxe6 19. e5 Nxd3 20. Qxd3 Bxa2 21.
exd6 cxd6 22. Rxe7+ Kxe7 23. Qxd6+ Ke8 24. Re1+ Be6 25. Nf5 Qd7 26. Nxg7+ Kd8
27. Qxb6+ Kc8 28. Re5 Qd1+ 29. Kh2 Kd7 30. Nxe6 fxe6 31. Qxe6+ Kc7 32. Rc5+ Kb7
33. Qe7+ 1-0

[Event "Guernsey Open"]
[Site "Guernsey GCI"]
[Date "2007.10.27"]
[Round "7"]
[White "Rodrigues, D."]
[Black "Heath, Jeffrey"]
[Result "1-0"]
[WhiteElo "1855"]
[BlackElo "1930"]
[PlyCount "91"]
[EventDate "2006.10.15"]
[SourceDate "2006.10.28"]

1. e4 d5 2. exd5 Qxd5 3. Nc3 Qa5 4. g3 Nf6 5. Bg2 c6 6. Nge2 e5 7. d3 Be6 8.
O-O Nbd7 9. Rb1 Bd6 10. a3 Qc7 11. b4 Rb8 12. Be3 Nd5 13. Ne4 Nxe3 14. fxe3 Be7
15. c4 O-O 16. a4 f5 17. N4c3 Bg5 18. Qd2 Nf6 19. c5 Ng4 20. Nd1 Bh6 21. h3 Nf6
22. Ndc3 Nh5 23. Bf3 Qf7 24. Kg2 Qg6 25. Nd1 f4 26. g4 fxe3 27. Nxe3 Qg5 28.
Rbe1 Qh4 29. Rh1 Nf4+ 30. Nxf4 Bxf4 31. Qf2 Qd8 32. Qc2 Qd4 33. Nc4 Bd5 34. Be4
Bxe4+ 35. Rxe4 Qd5 36. Rhe1 Rbd8 37. Nd6 Rd7 38. Qc4 b6 39. Qxd5+ cxd5 40. Rxe5
Bd2 41. Rf1 Rxf1 42. Kxf1 g6 43. Re8+ Kg7 44. c6 Rc7 45. Rc8 Rxc8 46. Nxc8 1-0

[Event "Guernsey Open"]
[Site "Guernsey GCI"]
[Date "2007.10.27"]
[Round "7"]
[White "Lazarus, Sam"]
[Black "Van Hoek, Wilhelmus J"]
[Result "1/2-1/2"]
[WhiteElo "1855"]
[BlackElo "1926"]
[PlyCount "41"]
[EventDate "2006.10.15"]
[SourceDate "2006.10.28"]

1. e4 e5 2. Nf3 Nc6 3. d4 exd4 4. Nxd4 Bb4+ 5. c3 Bc5 6. Be3 Qf6 7. Bc4 d6 8.
O-O Ne5 9. Be2 Qg6 10. Nd2 Ng4 11. Bxg4 Bxg4 12. f3 Bd7 13. Nc2 Bxe3+ 14. Nxe3
O-O-O 15. b4 Ne7 16. a4 f5 17. Nd5 Rde8 18. c4 fxe4 19. Nxe4 Nxd5 20. cxd5 Bf5
21. Ng3 1/2-1/2

[Event "Guernsey Open"]
[Site "Guernsey GCI"]
[Date "2007.10.27"]
[Round "7"]
[White "Reutimann, Hans Peter"]
[Black "Nicholson, J."]
[Result "1/2-1/2"]
[WhiteElo "1787"]
[BlackElo "1910"]
[PlyCount "30"]
[EventDate "2006.10.15"]
[SourceDate "2006.10.28"]

1. d4 d5 2. Nf3 Nf6 3. Bf4 e6 4. e3 Bd6 5. Ne5 O-O 6. Nd2 c5 {(=)} 7. c3 Nc6 8.
Bd3 Qc7 9. Ndf3 Ne4 10. Qc2 f5 11. h3 c4 12. Bf1 Qe7 13. g4 g5 14. Nxc6 bxc6
15. Bxd6 Qxd6 1/2-1/2

[Event "Guernsey Open"]
[Site "Guernsey GCI"]
[Date "2007.10.27"]
[Round "7"]
[White "Lentjes, Noad"]
[Black "Cummins, John"]
[Result "1-0"]
[WhiteElo "1884"]
[BlackElo "1935"]
[PlyCount "72"]
[EventDate "2006.10.15"]
[SourceDate "2006.10.28"]

1. e4 c5 2. Nf3 d6 3. d4 cxd4 4. Nxd4 Nf6 5. Nc3 a6 6. Bc4 e6 7. Bb3 Be7 8. O-O
Bd7 9. Be3 O-O 10. f3 Nc6 11. Qd2 Rc8 12. Rad1 Qc7 13. Qf2 Ne5 14. Nde2 Nc4 15.
Bxc4 Qxc4 16. Rd4 Qc7 17. Rdd1 b5 18. a3 Bc6 19. Qg3 Kh8 20. Nd4 Ba8 21. Nb3
Rfe8 22. Qf2 Nd7 23. f4 Nf6 24. Bb6 Ng4 25. Bxc7 Nxf2 26. Rxf2 Rxc7 27. Rfd2
Rec8 28. Kf2 Kg8 29. e5 d5 30. Nd4 Bc5 31. Nce2 g6 32. c3 Ba7 33. Kf3 Kf8 34.
g4 h6 35. h4 Ke7 36. Ng3 Rc4 {Remaining moves unreadable -  1-0, 59.} 1-0